[Event "Bayern-chI Bank Hofmann 27th"]
[Site "Gmund am Tegernsee"]
[Date "2024.11.03"]
[Round "9"]
[White "Georgescu, Lena"]
[Black "Martin Fernandez, Rodrigo"]
[Result "1-0"]
[WhiteElo "2236"]
[BlackElo "2092"]
[PlyCount "99"]
[EventDate "2024.10.26"]
[EventType "swiss"]
[EventRounds "9"]
[EventCountry "GER"]
[SourceTitle "CB45_2024"]
[Source "ChessBase"]
[SourceDate "2024.11.06"]
[SourceVersion "1"]
[SourceVersionDate "2024.11.06"]
[SourceQuality "1"]

1. e4 c5 2. Nf3 d6 3. d4 cxd4 4. Nxd4 Nf6 5. Nc3 a6 6. Bg5 e6 7. f4 Be7 8. Qf3 Qc7 9. 0-0-0 Nbd7 10. f5 e5 11. Nde2 b5 12. Bxf6 Nxf6 13. Nd5 Nxd5 14. exd5 Bd7 15. Ng3 Rc8 16. Bd3 f6 17. Kb1 a5 18. Qh5+ Kf8 19. Ne4 Be8 20. Qe2 Qb6 21. g4 a4 22. c3 a3 23. b3 h5 24. h3 b4 25. c4 Qd4 26. c5 Rxc5 27. Ba6 Qb2+ 28. Qxb2 axb2 29. Nxc5 dxc5 30. d6 Bd8 31. d7 Bf7 32. Bc4 g5 33. Bxf7 Kxf7 34. Kxb2 Ke7 35. Kc2 Bc7 36. d8Q+ Bxd8 37. Rd5 Ke8 38. Rhd1 Be7 39. Rd7 hxg4 40. hxg4 Rh3 41. Rc7 Rh2+ 42. Rd2 Rxd2+ 43. Kxd2 Kd8 44. Rb7 Bd6 45. Kd3 Bc7 46. Ke4 Kc8 47. Ra7 Kb8 48. Ra6 Bd8 49. Kd5 Kb7 50. Re6 1-0

[Event "Bayern-chI Bank Hofmann 27th"]
[Site "Gmund am Tegernsee"]
[Date "2024.11.02"]
[Round "8"]
[White "Martin Fernandez, Rodrigo"]
[Black "Deglmann, Ludwig"]
[Result "1/2-1/2"]
[WhiteElo "2092"]
[BlackElo "2230"]
[PlyCount "52"]
[EventDate "2024.10.26"]
[EventType "swiss"]
[EventRounds "9"]
[EventCountry "GER"]
[SourceTitle "CB45_2024"]
[Source "ChessBase"]
[SourceDate "2024.11.06"]
[SourceVersion "1"]
[SourceVersionDate "2024.11.06"]
[SourceQuality "1"]

1. d4 e6 2. c4 Nf6 3. Nf3 Nc6 4. Nc3 Bb4 5. Qc2 0-0 6. a3 Bxc3+ 7. Qxc3 a5 8. b3 Qe7 9. g3 d6 10. Bg2 e5 11. d5 Nb8 12. 0-0 c6 13. dxc6 Nxc6 14. Rd1 Ne4 15. Qb2 Nc5 16. Be3 a4 17. bxa4 Nxa4 18. Qd2 Be6 19. Rac1 Nc5 20. Qxd6 Qxd6 21. Rxd6 Nb3 22. Rc3 Rxa3 23. Rd1 Rfa8 24. h3 Ra1 25. Rxa1 Rxa1+ 26. Kh2 Nbd4 1/2-1/2

[Event "Bamberg op-A 5th"]
[Site "Bamberg"]
[Date "2023.07.29"]
[Round "6"]
[White "Martin Fernandez, Rodrigo"]
[Black "Chassard, Cedric"]
[Result "0-1"]
[WhiteElo "2096"]
[BlackElo "2326"]
[PlyCount "70"]
[EventDate "2023.07.26"]
[EventType "swiss"]
[EventRounds "7"]
[EventCountry "GER"]
[SourceTitle "CBM 215 Extra"]
[Source "ChessBase"]
[SourceDate "2023.09.30"]
[SourceVersion "1"]
[SourceVersionDate "2023.09.30"]
[SourceQuality "1"]

1. d4 Nf6 2. c4 e6 3. Nc3 Bb4 4. e3 0-0 5. Nge2 c6 6. Qc2 d5 7. a3 Bd6 8. Ng3 e5 9. dxe5 Bxe5 10. Bd3 Nbd7 11. 0-0 h5 12. cxd5 cxd5 13. f4 Bc7 14. Nf5 Nc5 15. Nd4 Nxd3 16. Qxd3 Re8 17. Bd2 Bd7 18. Rae1 Bb6 19. Kh1 Rc8 20. Nf3 Bc6 21. Ne2 h4 22. Ned4 Ne4 23. Kg1 Qf6 24. Ne5 h3 25. g4 Bc7 26. g5 Qd8 27. Nexc6 bxc6 28. Re2 Qd7 29. b4 Bb6 30. Kh1 Qg4 31. Nf3 Nxd2 32. Qxd2 Bxe3 33. Qe1 Re4 34. Qh4 Qxh4 35. Nxh4 Rxf4 0-1

[Event "Forchheim op 17th"]
[Site "Forchheim"]
[Date "2018.09.22"]
[Round "3"]
[White "Martin Fernandez, Rodrigo"]
[Black "Walter, Florian"]
[Result "0-1"]
[WhiteElo "2096"]
[BlackElo "2246"]
[PlyCount "68"]
[EventDate "2018.09.21"]
[EventType "swiss"]
[EventRounds "5"]
[EventCountry "GER"]
[SourceTitle "EXT 2019"]
[Source "ChessBase"]
[SourceDate "2018.10.10"]
[SourceVersion "1"]
[SourceVersionDate "2018.10.10"]
[SourceQuality "1"]

1. d4 Nf6 2. c4 g6 3. Nc3 d5 4. Bg5 Ne4 5. Nxe4 dxe4 6. Qd2 Bg7 7. e3 c5 8. Ne2 0-0 9. d5 h6 10. Bh4 Nd7 11. Nc3 f5 12. Be2 Ne5 13. 0-0-0 a6 14. f3 exf3 15. gxf3 b5 16. d6 Qxd6 17. Qxd6 exd6 18. Be7 Rf7 19. Bxd6 Nxc4 20. Bxc4 bxc4 21. Bxc5 Bb7 22. Rhf1 Re8 23. Nd5 Re5 24. e4 fxe4 25. fxe4 Rxf1 26. Rxf1 Bxd5 27. exd5 Rxd5 28. Ba7 g5 29. Rf2 Be5 30. Kc2 Kg7 31. Re2 Kg6 32. Be3 g4 33. Bd2 h5 34. Be3 Bf4 0-1

[Event "Forchheim op 17th"]
[Site "Forchheim"]
[Date "2018.09.21"]
[Round "1"]
[White "Hesse, Henrik"]
[Black "Martin Fernandez, Rodrigo"]
[Result "1-0"]
[WhiteElo "2218"]
[BlackElo "2096"]
[PlyCount "74"]
[EventDate "2018.09.21"]
[EventType "swiss"]
[EventRounds "5"]
[EventCountry "GER"]
[SourceTitle "EXT 2019"]
[Source "ChessBase"]
[SourceDate "2018.10.10"]
[SourceVersion "1"]
[SourceVersionDate "2018.10.10"]
[SourceQuality "1"]

1. c4 e6 2. g3 Nf6 3. Bg2 d5 4. Nf3 Be7 5. 0-0 0-0 6. d4 dxc4 7. Qc2 a6 8. Qxc4 b5 9. Qc2 Bb7 10. Bd2 Be4 11. Qc1 Nc6 12. e3 b4 13. Ne5 Bxg2 14. Nxc6 Bxc6 15. Qxc6 Qd5 16. Rc1 Bd6 17. Qxd5 exd5 18. Be1 Rfe8 19. Nd2 a5 20. Nb3 Nd7 21. Rc2 h5 22. a4 bxa3 23. Nxa5 axb2 24. Rxb2 Reb8 25. Rab1 Rxb2 26. Rxb2 Rb8 27. Rxb8+ Nxb8 28. Nb7 Be7 29. Kg2 g5 30. Kf3 Kg7 31. e4 dxe4+ 32. Kxe4 Kf6 33. Ba5 c6 34. Nd8 c5 35. d5 Nd7 36. Bb6 Kg6 37. d6 Bf6 1-0

[Event "Zirndorf Cup"]
[Site "Zirndorf"]
[Date "2017.08.31"]
[Round "3"]
[White "Ostergaard, Jens"]
[Black "Martin Fernandez, Rodrigo"]
[Result "1-0"]
[WhiteElo "2241"]
[BlackElo "2115"]
[PlyCount "89"]
[EventDate "2017.08.30"]
[EventType "swiss"]
[EventRounds "7"]
[EventCountry "GER"]
[SourceTitle "CBM 180 Extra"]
[Source "ChessBase"]
[SourceDate "2017.10.06"]
[SourceVersion "1"]
[SourceVersionDate "2017.10.06"]
[SourceQuality "1"]

1. d4 d5 2. c4 c6 3. Nf3 Nf6 4. Nc3 e6 5. e3 Nbd7 6. Bd3 dxc4 7. Bxc4 b5 8. Bd3 Bb7 9. 0-0 a6 10. e4 c5 11. d5 Qc7 12. Qe2 c4 13. Bc2 Nc5 14. d6 Qc6 15. e5 Nfd7 16. Be3 g6 17. Bd4 Bg7 18. Rfe1 0-0 19. b4 cxb3 20. axb3 b4 21. Na4 Nxa4 22. Rxa4 a5 23. Bd3 Ba6 24. Bxa6 Rxa6 25. h3 Rfa8 26. Qe3 Rc8 27. Qd3 Bh6 28. Rea1 Rca8 29. Qc4 Qb7 30. R4a2 Rc6 31. Qe2 Rca6 32. Rc2 Rc8 33. Rxc8+ Qxc8 34. Qb5 Ra8 35. g3 Qd8 36. Ra2 Bg7 37. Rc2 Rb8 38. Qc6 Kf8 39. Qa4 h6 40. Rc7 Nb6 41. Bxb6 Rxb6 42. Qxa5 Rb8 43. Qc5 Kg8 44. d7 Bf8 45. Qc6 1-0

[Event "Bayern-chI Bank Hofmann 19th"]
[Site "Bad Wiessee"]
[Date "2015.11.04"]
[Round "5"]
[White "Schnepp, Gunnar"]
[Black "Martin Fernandez, Rodrigo"]
[Result "1/2-1/2"]
[WhiteElo "2321"]
[BlackElo "2137"]
[PlyCount "42"]
[EventDate "2015.10.31"]
[EventType "swiss"]
[EventRounds "9"]
[EventCountry "GER"]
[SourceTitle "EXT 2017"]
[Source "ChessBase"]
[SourceDate "2016.10.25"]
[SourceVersion "1"]
[SourceVersionDate "2016.10.25"]
[SourceQuality "1"]

1. Nf3 Nf6 2. d4 e6 3. c4 Bb4+ 4. Nbd2 d5 5. e3 0-0 6. Bd3 b6 7. 0-0 Bb7 8. Qc2 Nbd7 9. e4 dxe4 10. Nxe4 Be7 11. Rd1 Qc8 12. Bg5 h6 13. Bh4 Re8 14. Bg3 Nxe4 15. Bxe4 Nf6 16. Bxb7 Qxb7 17. c5 c6 18. Rac1 Rac8 19. a3 Red8 20. b4 b5 21. h3 Ra8 1/2-1/2

[Event "Oberliga Bayern 1415"]
[Site "Germany"]
[Date "2015.02.22"]
[Round "7.6"]
[White "Martin Fernandez, Rodrigo"]
[Black "Baeuml, Ulrich"]
[Result "0-1"]
[WhiteElo "2211"]
[BlackElo "2120"]
[PlyCount "78"]
[EventDate "2014.10.19"]
[EventType "team-tourn"]
[EventRounds "9"]
[EventCountry "GER"]
[SourceTitle "EXT 2016"]
[Source "ChessBase"]
[SourceDate "2015.10.08"]
[SourceVersion "1"]
[SourceVersionDate "2015.10.08"]
[SourceQuality "1"]
[WhiteTeam "Erlangen"]
[BlackTeam "Dillingen"]
[WhiteTeamCountry "GER"]
[BlackTeamCountry "GER"]

1. d4 e6 2. c4 d5 3. Nc3 c5 4. cxd5 exd5 5. Nf3 Nf6 6. g3 Nc6 7. Bg2 Be7 8. 0-0 0-0 9. Bg5 Re8 10. dxc5 d4 11. Na4 Bf5 12. Rc1 h6 13. Bf4 g5 14. Bd2 Be4 15. Ne1 Bxg2 16. Nxg2 Qd7 17. f3 Rad8 18. b3 Bf8 19. Nb2 Qe6 20. Re1 Ne5 21. Nd3 Nxd3 22. exd3 Qf5 23. c6 bxc6 24. Rxc6 Nd5 25. Re4 Rc8 26. Rc4 Nf6 27. Rxe8 Rxe8 28. Bb4 Bxb4 29. Rxb4 Nd5 30. g4 Qf6 31. Rb7 Nc3 32. Qf1 Qa6 33. Rd7 Qxa2 34. h4 Ne2+ 35. Kh2 Qxb3 36. hxg5 hxg5 37. Qf2 Re6 38. Ne1 Rh6+ 39. Kg2 Nf4+ 0-1

[Event "Oberliga Bayern 1415"]
[Site "Germany"]
[Date "2014.11.09"]
[Round "2.6"]
[White "Kempter, Ronald"]
[Black "Martin Fernandez, Rodrigo"]
[Result "1-0"]
[WhiteElo "2248"]
[BlackElo "2211"]
[PlyCount "51"]
[EventDate "2014.10.19"]
[EventType "team-tourn"]
[EventRounds "9"]
[EventCountry "GER"]
[SourceTitle "EXT 2016"]
[Source "ChessBase"]
[SourceDate "2015.10.08"]
[SourceVersion "1"]
[SourceVersionDate "2015.10.08"]
[SourceQuality "1"]
[WhiteTeam "Groebenzell"]
[BlackTeam "Erlangen"]
[WhiteTeamCountry "GER"]
[BlackTeamCountry "GER"]

1. Nf3 Nf6 2. g3 d5 3. Bg2 e6 4. c4 Be7 5. 0-0 0-0 6. d4 dxc4 7. Ne5 c5 8. dxc5 Qc7 9. Nxc4 Qxc5 10. b3 Rd8 11. Qc2 Nc6 12. Ba3 Nb4 13. Qc1 Qc7 14. Bb2 Nfd5 15. Be5 Qc5 16. Nbd2 f6 17. Ne4 Qc6 18. Bb2 Qe8 19. a3 Nc6 20. Rd1 Qf8 21. b4 a6 22. Ne3 Nb6 23. Qc2 Bd7 24. Nc4 Nxc4 25. Qxc4 Rac8 26. Rxd7 1-0

[Event "Bayern-chI Bank Hofmann 17th"]
[Site "Bad Wiessee"]
[Date "2013.10.31"]
[Round "7"]
[White "Martin Fernandez, Rodrigo"]
[Black "Eichhorn, Andreas"]
[Result "0-1"]
[WhiteElo "2155"]
[BlackElo "2331"]
[PlyCount "98"]
[EventDate "2013.10.26"]
[EventType "swiss"]
[EventRounds "9"]
[EventCountry "GER"]
[SourceTitle "EXT 2014"]
[Source "ChessBase"]
[SourceDate "2013.11.20"]
[SourceVersion "1"]
[SourceVersionDate "2013.11.20"]
[SourceQuality "1"]

1. d4 d6 2. c4 e5 3. Nf3 e4 4. Ng5 f5 5. g3 Be7 6. Nh3 Nf6 7. Bg2 c6 8. 0-0 Na6 9. Nc3 0-0 10. Rb1 d5 11. cxd5 cxd5 12. Qb3 Nc7 13. Rd1 b6 14. f3 Kh8 15. Be3 Ba6 16. Rbc1 Qd7 17. Qc2 Rac8 18. Qd2 Nb5 19. Nxb5 Qxb5 20. Rxc8 Rxc8 21. Rc1 Rxc1+ 22. Qxc1 Qxe2 23. Nf4 Qc4 24. b3 Qxc1+ 25. Bxc1 Kg8 26. fxe4 dxe4 27. Bh3 g6 28. Bf1 Bxf1 29. Kxf1 Kf7 30. Ke2 Bd6 31. Ng2 Nd5 32. a4 Kf6 33. Ne1 g5 34. Kf2 h5 35. h3 f4 36. gxf4 gxf4 37. Nc2 Nb4 38. Nxb4 e3+ 39. Kf3 Bxb4 40. Bb2 Ke6 41. Ba1 Kd5 42. Bb2 a6 43. Ba1 b5 44. axb5 axb5 45. Bb2 Ba5 46. Ba1 Bd2 47. Bb2 b4 48. h4 Bc3 49. Bc1 Kxd4 0-1

[Event "Bayern-chI Bank Hofmann 17th"]
[Site "Bad Wiessee"]
[Date "2013.10.29"]
[Round "5"]
[White "Martin Fernandez, Rodrigo"]
[Black "Tan, Justin Hy"]
[Result "1-0"]
[WhiteElo "2155"]
[BlackElo "2239"]
[PlyCount "97"]
[EventDate "2013.10.26"]
[EventType "swiss"]
[EventRounds "9"]
[EventCountry "GER"]
[SourceTitle "EXT 2014"]
[Source "ChessBase"]
[SourceDate "2013.11.20"]
[SourceVersion "1"]
[SourceVersionDate "2013.11.20"]
[SourceQuality "1"]

1. d4 Nf6 2. c4 e6 3. Nc3 Bb4 4. Qc2 0-0 5. a3 Bxc3+ 6. Qxc3 b6 7. Bg5 Bb7 8. e3 d6 9. Nf3 Nbd7 10. Be2 Qe8 11. Bh4 Ne4 12. Qc2 a5 13. 0-0 a4 14. Nd2 f5 15. f3 Qh5 16. Be1 Nxd2 17. Qxd2 Rf6 18. Bg3 Rg6 19. Rae1 Qg5 20. Bd1 Ra5 21. Qf2 Qf6 22. Be2 Rh6 23. Bd3 e5 24. f4 e4 25. Be2 Qf7 26. Rc1 Ra8 27. Rfd1 Ba6 28. Bh4 c5 29. d5 Nf6 30. h3 Bb7 31. g4 fxg4 32. hxg4 Rg6 33. f5 Rxg4+ 34. Bxg4 Nxg4 35. Qf4 Ne5 36. Qxe4 Qh5 37. Rf1 Re8 38. Rf4 Bc8 39. Rcf1 Re7 40. Qg2 Bxf5 41. Bf6 Bg6 42. Rh4 Nxc4 43. Rxh5 Nxe3 44. Qg3 Nxf1 45. Kxf1 gxf6 46. Rh2 Re5 47. Qh3 f5 48. Re2 Rxd5 49. Qh4 1-0

[Event "Bayern-chI Bank Hofmann 17th"]
[Site "Bad Wiessee"]
[Date "2013.10.26"]
[Round "2"]
[White "Martin Fernandez, Rodrigo"]
[Black "Berkes, Ferenc"]
[Result "0-1"]
[WhiteElo "2155"]
[BlackElo "2673"]
[PlyCount "58"]
[EventDate "2013.10.26"]
[EventType "swiss"]
[EventRounds "9"]
[EventCountry "GER"]
[SourceTitle "EXT 2014"]
[Source "ChessBase"]
[SourceDate "2013.11.20"]
[SourceVersion "1"]
[SourceVersionDate "2013.11.20"]
[SourceQuality "1"]

1. d4 Nf6 2. c4 g6 3. Nc3 Bg7 4. e4 d6 5. Nf3 0-0 6. Be2 e5 7. Be3 Ng4 8. Bg5 f6 9. Bh4 Nc6 10. 0-0 Kh8 11. h3 Nh6 12. dxe5 dxe5 13. Qxd8 Nxd8 14. Rfd1 Ne6 15. b4 f5 16. Rac1 c6 17. c5 Nd4 18. Bc4 Nxf3+ 19. gxf3 fxe4 20. Be7 Re8 21. Nxe4 Bxh3 22. Bd6 Be6 23. Bxe6 Rxe6 24. Ng5 Ree8 25. Re1 Kg8 26. f4 exf4 27. Bxf4 Nf5 28. Ne4 Rf8 29. Nd6 Nd4 0-1

[Event "Bayern-chI Bank Hofmann 16th"]
[Site "Bad Wiessee"]
[Date "2012.10.31"]
[Round "5"]
[White "Lampert, Jonas"]
[Black "Martin Fernandez, Rodrigo"]
[Result "1-0"]
[WhiteElo "2299"]
[BlackElo "2131"]
[PlyCount "77"]
[EventDate "2012.10.27"]
[EventType "swiss"]
[EventRounds "9"]
[EventCountry "GER"]
[SourceTitle "EXT 2013"]
[Source "ChessBase"]
[SourceDate "2012.11.22"]
[SourceVersion "1"]
[SourceVersionDate "2012.11.22"]
[SourceQuality "1"]

1. e4 c5 2. Nf3 e6 3. d4 cxd4 4. Nxd4 a6 5. Bd3 Bc5 6. Nb3 Ba7 7. Qg4 Nf6 8. Qg3 d6 9. Nc3 Nc6 10. Bg5 Ne5 11. f4 Nxd3+ 12. Qxd3 h6 13. Bxf6 Qxf6 14. g3 0-0 15. 0-0-0 Bb8 16. Rdf1 Bd7 17. g4 Bc6 18. h4 Qe7 19. g5 h5 20. f5 exf5 21. Rxf5 Ba7 22. Nd5 Qe6 23. Nd2 Rac8 24. Qf3 Bd4 25. Rf1 Bxd5 26. Rxd5 Be5 27. Qxh5 Rc7 28. Kb1 Rfc8 29. c3 b5 30. Qf3 g6 31. h5 gxh5 32. Qxh5 Bg7 33. Qf3 Rc5 34. Qd3 Rxd5 35. exd5 Qg6 36. Ne4 Re8 37. Nf6+ Bxf6 38. Qxg6+ fxg6 39. Rxf6 1-0

[Event "Bayern-chI Bank Hofmann 16th"]
[Site "Bad Wiessee"]
[Date "2012.10.29"]
[Round "3"]
[White "Singer, Christoph"]
[Black "Martin Fernandez, Rodrigo"]
[Result "1-0"]
[WhiteElo "2325"]
[BlackElo "2131"]
[PlyCount "67"]
[EventDate "2012.10.27"]
[EventType "swiss"]
[EventRounds "9"]
[EventCountry "GER"]
[SourceTitle "EXT 2013"]
[Source "ChessBase"]
[SourceDate "2012.11.22"]
[SourceVersion "1"]
[SourceVersionDate "2012.11.22"]
[SourceQuality "1"]

1. e4 c5 2. Nf3 d6 3. Bb5+ Bd7 4. Bxd7+ Qxd7 5. 0-0 Nc6 6. c3 Nf6 7. Re1 e6 8. d4 cxd4 9. cxd4 d5 10. e5 Ne4 11. Nbd2 Nxd2 12. Bxd2 Be7 13. Rc1 0-0 14. a3 Rfc8 15. Rc3 Nd8 16. Rce3 Rc7 17. h4 Rac8 18. Ng5 h6 19. Nh3 Qb5 20. Qg4 h5 21. Qxh5 Qxb2 22. Rd3 Rc2 23. Rd1 R2c4 24. Bg5 Bxg5 25. Nxg5 Rc3 26. Qh7+ Kf8 27. Rxc3 Rxc3 28. Qh8+ Ke7 29. Qxg7 Qe2 30. Rb1 b6 31. Nh7 Kd7 32. Nf6+ Kc8 33. Ne8 Qe4 34. Nd6+ 1-0

[Event "Mittelfranken-chTB1 1213"]
[Site "Germany"]
[Date "2012.10.07"]
[Round "6.1"]
[White "Schatz, Christian"]
[Black "Martin Fernandez, Rodrigo"]
[Result "1-0"]
[WhiteElo "2160"]
[BlackElo "2082"]
[PlyCount "64"]
[EventDate "2012.10.07"]
[EventType "team-tourn"]
[EventRounds "9"]
[EventCountry "GER"]
[SourceTitle "EXT 2019"]
[Source "ChessBase"]
[SourceDate "2018.10.10"]
[SourceVersion "1"]
[SourceVersionDate "2018.10.10"]
[SourceQuality "1"]
[WhiteTeam "Fuerth SZ"]
[BlackTeam "Erlangen SC II"]
[WhiteTeamCountry "GER"]
[BlackTeamCountry "GER"]

1. c4 e6 2. Nc3 d5 3. d4 Nf6 4. Bg5 Be7 5. e3 0-0 6. Nf3 Nbd7 7. cxd5 exd5 8. Qc2 b6 9. Bd3 Bb7 10. 0-0 c5 11. Rfd1 h6 12. Bh4 Re8 13. Bf5 c4 14. b3 a6 15. a4 Qc7 16. Bg3 Bd6 17. Bxd6 Qxd6 18. bxc4 dxc4 19. e4 Qc7 20. Rac1 g6 21. Bxd7 Nxd7 22. d5 Rac8 23. Qd2 Kh7 24. d6 Qc5 25. Qf4 Kg7 26. Nd5 Bxd5 27. Rxd5 Qa3 28. h4 Rxe4 29. Qxe4 Qxc1+ 30. Kh2 Nf6 31. Qd4 Rd8 32. d7 Rxd7 1-0

[Event "Nuremberg LGA Cup 9th"]
[Site "Nuremberg"]
[Date "2012.09.07"]
[Round "4"]
[White "Martin Fernandez, Rodrigo"]
[Black "Siegl, Melina"]
[Result "1-0"]
[WhiteElo "2156"]
[BlackElo "1788"]
[PlyCount "81"]
[EventDate "2012.09.06"]
[EventType "swiss"]
[EventRounds "7"]
[EventCountry "GER"]
[SourceTitle "CBM 150 Extra"]
[Source "ChessBase"]
[SourceDate "2012.10.19"]
[SourceVersion "1"]
[SourceVersionDate "2012.10.19"]
[SourceQuality "1"]

1. d4 f5 2. c4 g6 3. Nf3 Bg7 4. g3 d6 5. Bg2 Nf6 6. 0-0 0-0 7. Nc3 c6 8. Rb1 Qe8 9. d5 Na6 10. b4 Nc7 11. Qb3 h6 12. Rd1 cxd5 13. cxd5 e5 14. dxe6 Bxe6 15. Qc2 Rc8 16. Qd2 d5 17. Nd4 Bf7 18. b5 Qe7 19. Na4 Ne4 20. Qe3 Qd7 21. Ba3 Rfe8 22. Qb3 Ne6 23. e3 Rc4 24. Nxe6 Qxe6 25. Bf1 Rc3 26. Nxc3 Nxc3 27. Rbc1 Nxd1 28. Rxd1 b6 29. Bg2 Rd8 30. Bb2 d4 31. Qxe6 Bxe6 32. a4 Bb3 33. Rd2 Bxa4 34. Bf1 Kh7 35. exd4 Kg8 36. Bc4+ Kf8 37. Ba3+ Ke8 38. Re2+ Kd7 39. Re7+ Kc8 40. Rxg7 Rxd4 41. Be6+ 1-0

[Event "Seebach op 23rd"]
[Site "Grossenseebach"]
[Date "2012.06.09"]
[Round "5"]
[White "Martin Fernandez, Rodrigo"]
[Black "Walter, Florian"]
[Result "0-1"]
[WhiteElo "2082"]
[BlackElo "2131"]
[PlyCount "100"]
[EventDate "2012.06.07"]
[EventType "swiss"]
[EventRounds "7"]
[EventCountry "GER"]
[SourceTitle "EXT 2013"]
[Source "ChessBase"]
[SourceDate "2012.11.22"]
[SourceVersion "1"]
[SourceVersionDate "2012.11.22"]
[SourceQuality "1"]

1. d4 g6 2. c4 Bg7 3. Nf3 d6 4. e4 Nf6 5. Nc3 0-0 6. Be2 e5 7. 0-0 Nc6 8. d5 Ne7 9. Ne1 Nd7 10. Be3 f5 11. f3 f4 12. Bf2 g5 13. Rc1 h5 14. Nd3 Nf6 15. c5 g4 16. cxd6 cxd6 17. a4 Bh6 18. Rc2 Kh8 19. Nb5 g3 20. hxg3 fxg3 21. Bxg3 Rg8 22. Nxe5 Be3+ 23. Kh1 dxe5 24. Bxe5 Ng6 25. Bc7 Qd7 26. Nd4 Nf4 27. Nf5 Nxg2 28. Bb5 Qh7 29. Be5 Qg6 30. Qe2 Bf4 31. Qxg2 Qxg2+ 32. Rxg2 Bxe5 33. Ne7 Rxg2 34. Kxg2 Bxb2 35. Rb1 Ba3 36. Ng6+ Kg7 37. Nf4 Bd6 38. Nd3 Be7 39. Bc4 Bd7 40. e5 Ne8 41. d6 Bxd6 42. exd6 Nxd6 43. Bd5 Bxa4 44. Nf4 Re8 45. Ne6+ Kf6 46. Nd4 Ke5 47. Re1+ Kxd5 48. Rxe8 Nxe8 49. Nf5 Kc6 50. Ne7+ Kd7 0-1